| 000 | 01314nam a22003137a 4500 | ||
|---|---|---|---|
| 005 | 20210325180053.0 | ||
| 008 | s2540 th tha d | ||
| 020 | _a9742306601 | ||
| 041 | _atha | ||
| 050 |
_aNA1521 _bก672ว 2540 |
||
| 100 | 0 | _aกิตติ วัฒนะมหาตม์ | |
| 245 | 1 | 0 | _aวังเจ้า วังเดิม 3 |
| 260 | 3 |
_aกรุงเทพฯ : _bประพันธ์สาส์น, _c2540 |
|
| 300 |
_a174 หน้า : _bภาพประกอบ ; _c 22 ซม. |
||
| 650 | 0 | 4 | _aพระนครคีรี |
| 650 | 0 | 4 | _aพระนารายณ์ราชนิเวศน์ |
| 650 | 0 | 4 | _aพระราชนิเวศน์มฤคทายวัน |
| 650 | 0 | 4 | _aพระราชวังจันทร์เกษม |
| 650 | 0 | 4 | _aพระราชวังจุฑาธุชราชฐาน |
| 650 | 0 | 4 | _aพระราชวังบนเขาสัตนาถ |
| 650 | 0 | 4 | _aพระราชวังบางปะอิน |
| 650 | 0 | 4 | _aพระราชวังสนามจันทร์ |
| 650 | 0 | 4 | _aพระรามราชนิเวศน์ |
| 650 | 0 | 4 | _aวัง -- ไทย |
| 850 | _aNALT | ||
| 942 | _cGB | ||
| 997 | _c000000000008402 | ||
| 998 | _aSUKUNYA | ||
| 999 |
_c8402 _d8402 |
||